[Event "Mittelfr. EM 2011 - Hauptturnier"]
[Site "Büchenbach"]
[Date "2011.04.19"]
[Round "1.1"]
[White "Heimrath, Reiner"]
[Black "Fischer, Gerd"]
[Result "1/2-1/2"]
[WhiteElo "2259"]
[BlackElo "2078"]
[PlyCount "118"]
[EventDate "2011.??.??"]
[WhiteTeam "SC Noris-Tarrasch Nürnberg 1873"]
[BlackTeam "FC Gunzenhausen 1910 e.V"]

1. e4 Nc6 2. d4 e5 3. dxe5 Nxe5 4. Qd4 Nc6 5. Qe3 b6 6. Nc3 Bb7 7. Bc4 Nf6 8.
a3 Ne5 9. Bb3 Bc5 10. Qg3 Neg4 11. Nh3 Qe7 12. O-O Bd6 13. Bf4 Bxf4 14. Nxf4
O-O 15. Nfd5 Nxd5 16. Nxd5 Bxd5 17. Bxd5 c6 18. Qxg4 cxd5 19. exd5 Rac8 20. c3
Rc5 21. Rad1 Qd6 22. Qd4 Rfc8 23. Rfe1 Kf8 24. Qe4 g6 25. Rd4 b5 26. h4 h5 27.
g3 Rc4 28. Qe3 Kg7 29. Red1 a5 30. Qd3 R8c5 31. Kg2 Qf6 32. f4 d6 33. Kf3 Kf8
34. Qe4 Rc7 35. Rxc4 Rxc4 36. Qd3 Qe7 37. a4 Rxa4 38. Qxb5 Qe4+ 39. Kf2 Qc2+
40. Qe2 Qb3 41. Rd2 Ra2 42. c4 Qb6+ 43. Kg2 a4 44. Qf2 Qb4 45. Qd4 Kg8 46. Re2
Qb8 47. Kf2 a3 48. bxa3 Rxa3 49. Qf6 Qa7+ 50. Kg2 Ra2 51. Rb2 Qa3 52. Rf2 Qa7
53. Rxa2 Qxa2+ 54. Kg1 Qb1+ 55. Kf2 Qc2+ 56. Ke3 Qc1+ 57. Kf2 Qd2+ 58. Kg1 Qe1+
59. Kh2 Qf2+ 1/2-1/2

[Event "Mittelfr. EM 2011 - Hauptturnier"]
[Site "Büchenbach"]
[Date "2011.04.19"]
[Round "1.2"]
[White "Wittmann, Helmut"]
[Black "Wagner, Florian"]
[Result "1-0"]
[WhiteElo "2077"]
[BlackElo "2258"]
[PlyCount "81"]
[EventDate "2011.??.??"]
[WhiteTeam "BSG Wöhrlhaus Erlangen"]
[BlackTeam "SC Noris-Tarrasch Nürnberg 1873"]

1. g3 c5 2. Bg2 Nc6 3. c4 g6 4. Nc3 Bg7 5. e3 e5 6. a3 Nge7 7. h4 h6 8. b4 d6
9. b5 Na5 10. d3 O-O 11. Bd2 Be6 12. e4 f5 13. Rb1 b6 14. h5 g5 15. exf5 Bxf5
16. Be3 e4 17. Nxe4 d5 18. cxd5 Nxd5 19. Bd2 Bd4 20. Bxa5 Bxe4 21. Bxe4 Bxf2+
22. Ke2 Ne3 23. Qb3+ c4 24. dxc4 Qe8 25. c5+ Rf7 26. Bg6 Nc4+ 27. Kf1 Ne3+ 28.
Ke2 Nc4+ 29. Kd1 Rd7+ 30. Kc2 Qe6 31. Bd3 Rd4 32. Ne2 Ne3+ 33. Kc1 Nd5 34. Nxd4
Bxd4 35. Re1 Be3+ 36. Kb2 bxa5 37. Rxe3 Qf6+ 38. Ka2 Rd8 39. Bc4 Qf2+ 40. Rb2
Qxe3 41. Qxe3 1-0

[Event "Mittelfr. EM 2011 - Hauptturnier"]
[Site "Büchenbach"]
[Date "2011.04.19"]
[Round "1.3"]
[White "Hirn, Oskar"]
[Black "Leopold, Christian"]
[Result "1-0"]
[WhiteElo "2243"]
[BlackElo "2057"]
[PlyCount "69"]
[EventDate "2011.??.??"]
[WhiteTeam "SC Noris-Tarrasch Nürnberg 1873"]
[BlackTeam "SV Lauf a.d.P."]

1. c4 d6 2. Nc3 e5 3. g3 f5 4. Bg2 Nf6 5. d3 Be7 6. e3 O-O 7. Nge2 c6 8. O-O
Be6 9. Rb1 Na6 10. b4 d5 11. b5 Nc7 12. bxc6 bxc6 13. Qa4 Qd6 14. Rb3 Qd7 15.
Rd1 Rfd8 16. Rb7 Bf8 17. Qa5 Rdc8 18. cxd5 Nfxd5 19. Bb2 Rab8 20. Rxb8 Rxb8 21.
Nxd5 Nxd5 22. Bxe5 Rb5 23. Qd2 Nb4 24. f4 Nxa2 25. Nd4 Rb6 26. Ra1 Nb4 27. Nxe6
Qxe6 28. Rxa7 Nd5 29. Qa2 h6 30. h3 Kh7 31. e4 fxe4 32. dxe4 Qg6 33. exd5 Qxg3
34. d6 Rb3 35. Qc2+ 1-0

[Event "Mittelfr. EM 2011 - Hauptturnier"]
[Site "Büchenbach"]
[Date "2011.04.19"]
[Round "1.4"]
[White "Rosin, Ralf"]
[Black "Röder, Gerd"]
[Result "1/2-1/2"]
[WhiteElo "2049"]
[BlackElo "2237"]
[PlyCount "171"]
[EventDate "2011.??.??"]
[WhiteTeam "FSV Großenseebach"]
[BlackTeam "SV Altensittenbach"]

1. d4 d5 2. Nf3 Nf6 3. e3 Bg4 4. c4 c6 5. Nc3 e6 6. Qb3 Qb6 7. Ne5 Bf5 8. c5
Qxb3 9. axb3 Nbd7 10. f4 Ne4 11. b4 Nxc3 12. bxc3 Nxe5 13. fxe5 Be7 14. Be2 Kd7
15. O-O a6 16. Bd2 h5 17. Be1 Bg5 18. Bf2 h4 19. h3 f6 20. exf6 gxf6 21. Kh2
Rag8 22. Rad1 Be4 23. Bf3 f5 24. Bxe4 fxe4 25. Kh1 Rf8 26. Bg1 Rf5 27. Rfe1
Rhf8 28. Rc1 Bd8 29. Ra1 Bc7 30. Re2 Bg3 31. Rc2 Rf1 32. Rcc1 Rxc1 33. Rxc1 Ke7
34. Ra1 Ra8 35. Rb1 Rf8 36. Ra1 Kd7 37. Rb1 Kc7 38. Ra1 Ra8 39. Bh2 Rf8 40. Bg1
Kd7 41. Rb1 Rf5 42. Ra1 Bc7 43. Rb1 Rf8 44. Ra1 a5 45. bxa5 Ra8 46. Bf2 Bd8 47.
g4 hxg3 48. Bxg3 Rxa5 49. Rxa5 Bxa5 50. Be1 e5 51. Kg2 exd4 52. exd4 Ke6 53.
Bd2 Kf5 54. Kf2 Bc7 55. Be1 Bf4 56. Kg1 Bc1 57. Kf2 Kf4 58. Ke2 Kg5 59. Bg3 Bf4
60. Be1 Kh5 61. Kf2 Bg5 62. Kg2 Bh4 63. Bd2 Kg6 64. Kf1 Kf5 65. Ke2 Bg5 66. Be1
Bd8 67. Bf2 b6 68. cxb6 Bxb6 69. Be3 Bd8 70. Bf2 Bg5 71. Bg3 Be7 72. Bf2 Bg5
73. Bg3 Bc1 74. Bf2 Kf4 75. Bh4 e3 76. Be7 Kg3 77. h4 Kg4 78. Bg5 Bd2 79. Bxe3
Bxc3 80. Bf2 Bb4 81. Kd3 Be7 82. Kc3 Kf3 83. Be1 Ke2 84. Bg3 Kf3 85. Be1 Ke2
86. Bg3 1/2-1/2

[Event "Mittelfr. EM 2011 - Hauptturnier"]
[Site "Büchenbach"]
[Date "2011.04.19"]
[Round "1.5"]
[White "Stiller, Jürgen"]
[Black "Hofer, Markus"]
[Result "1/2-1/2"]
[WhiteElo "2204"]
[BlackElo "2042"]
[PlyCount "82"]
[EventDate "2011.??.??"]
[WhiteTeam "SW Nürnberg Süd e.V."]
[BlackTeam "SG Büchenbach/Roth e.V."]

1. d4 d5 2. Nf3 e6 3. e3 Nf6 4. Bd3 Bd6 5. Nbd2 Nbd7 6. O-O O-O 7. Qe2 e5 8.
dxe5 Nxe5 9. Nxe5 Bxe5 10. h3 Qe7 11. c4 c6 12. cxd5 cxd5 13. e4 Bd6 14. exd5
Qxe2 15. Bxe2 Nxd5 16. Nc4 Be7 17. Bf3 Be6 18. b3 Rac8 19. Ba3 Bxa3 20. Nxa3
Rc5 21. Nc4 b6 22. Rfd1 Nc3 23. Rd3 Nd5 24. Rd2 g6 25. Re1 Nf6 26. Nd6 Rd8 27.
Red1 Kf8 28. Kf1 Rd7 29. Ke1 Ke7 30. b4 Rc3 31. b5 Rdc7 32. Bc6 Ra3 33. Ra1
Rxa2 34. Raxa2 Bxa2 35. f3 Be6 36. Kf2 Nd7 37. Ne4 Ne5 38. Ba8 Rd7 39. Rc2 Nd3+
40. Kg3 Nc5 41. Nxc5 bxc5 1/2-1/2

[Event "Mittelfr. EM 2011 - Hauptturnier"]
[Site "Büchenbach"]
[Date "2011.04.19"]
[Round "1.6"]
[White "Werner, Thomas"]
[Black "Röder, Frank"]
[Result "1/2-1/2"]
[WhiteElo "2019"]
[BlackElo "2189"]
[PlyCount "43"]
[EventDate "2011.??.??"]
[WhiteTeam "SW Nürnberg Süd e.V."]
[BlackTeam "SV Altensittenbach"]

1. d4 d5 2. c4 c6 3. cxd5 cxd5 4. Nc3 Nf6 5. Bf4 Nc6 6. Nf3 e6 7. e3 Qa5 8. Nd2
Bb4 9. Qb3 Bd7 10. Be2 O-O 11. Rc1 a6 12. a3 Be7 13. O-O b5 14. Qc2 Rfc8 15.
Nb3 Qd8 16. Nc5 Bxc5 17. dxc5 d4 18. Ne4 Nd5 19. Bd3 Nxf4 20. exf4 Rc7 21. b4
h6 22. Nd6 1/2-1/2

[Event "Mittelfr. EM 2011 - Hauptturnier"]
[Site "Büchenbach"]
[Date "2011.04.19"]
[Round "1.7"]
[White "Seibold, Hubert"]
[Black "Wörl, Richard"]
[Result "1-0"]
[WhiteElo "2186"]
[BlackElo "2005"]
[PlyCount "85"]
[EventDate "2011.??.??"]
[WhiteTeam "SK Zirndorf e.V."]
[BlackTeam "SW Nürnberg Süd e.V."]

1. e4 c5 2. Nf3 Nc6 3. d4 cxd4 4. Nxd4 e5 5. Nb5 d6 6. a4 a6 7. N5a3 Nf6 8. Nc3
Be7 9. Bc4 O-O 10. O-O Be6 11. Be3 Na5 12. Bd5 Rc8 13. f3 Qc7 14. Rf2 Rfd8 15.
Qd2 Nc6 16. g4 Bxd5 17. exd5 Na5 18. g5 Nd7 19. Ne4 Nc5 20. Ng3 Nd7 21. b3 b6
22. Rd1 Nb7 23. c4 Ndc5 24. Qc2 Qd7 25. Rg2 g6 26. Rf1 Rf8 27. Nb1 Qd8 28. h4
f6 29. gxf6 Bxf6 30. h5 Bg5 31. Bxg5 Qxg5 32. b4 Qe3+ 33. Kh1 Nd3 34. Qd2 Rxf3
35. Qxe3 Rxe3 36. hxg6 hxg6 37. Nf5 Rh3+ 38. Kg1 Kh7 39. Ne7 Rxc4 40. Rf7+ Kh8
41. Nxg6+ Kg8 42. Nxe5+ Kh8 43. Nxc4 1-0

[Event "Mittelfr. EM 2011 - Hauptturnier"]
[Site "Büchenbach"]
[Date "2011.04.19"]
[Round "1.8"]
[White "Strobel, Norbert"]
[Black "Eiber, Manfred"]
[Result "1-0"]
[WhiteElo "2008"]
[BlackElo "2186"]
[PlyCount "57"]
[EventDate "2011.??.??"]
[WhiteTeam "SK Zirndorf e.V."]
[BlackTeam "SW Nürnberg Süd e.V."]

1. d4 Nf6 2. Nf3 e6 3. Bg5 h6 4. Bh4 b6 5. e3 Bb7 6. Bd3 d6 7. Qe2 Be7 8. O-O
g5 9. Bg3 h5 10. Nxg5 h4 11. Bf4 Nd5 12. Nh3 Nd7 13. e4 Nxf4 14. Nxf4 Bf6 15.
c3 c5 16. d5 Qe7 17. dxe6 fxe6 18. Ng6 Qg7 19. Nxh8 Qxh8 20. f4 O-O-O 21. Ba6
e5 22. Bxb7+ Kxb7 23. f5 Rg8 24. Nd2 Bg5 25. Nc4 Kc7 26. Rad1 Nf6 27. Nxd6 Bf4
28. Qa6 Ra8 29. Qb7+ 1-0

[Event "Mittelfr. EM 2011 - Hauptturnier"]
[Site "Büchenbach"]
[Date "2011.04.19"]
[Round "1.9"]
[White "Rausch, Wolfgang jr"]
[Black "Luther, Helmut"]
[Result "1/2-1/2"]
[WhiteElo "2182"]
[BlackElo "1999"]
[PlyCount "34"]
[EventDate "2011.??.??"]
[WhiteTeam "SC Noris-Tarrasch Nürnberg 1873"]
[BlackTeam "SW Nürnberg Süd e.V."]

1. d4 d6 2. Nf3 Nf6 3. c4 Nbd7 4. Nc3 e5 5. g3 Be7 6. Bg2 O-O 7. h3 c6 8. O-O
e4 9. Ne1 d5 10. b3 Re8 11. Nc2 Nf8 12. Ba3 Be6 13. Bxe7 Rxe7 14. c5 Qc8 15.
Kh2 h5 16. Qd2 Ng6 17. h4 Qc7 1/2-1/2

[Event "Mittelfr. EM 2011 - Hauptturnier"]
[Site "Büchenbach"]
[Date "2011.04.19"]
[Round "1.10"]
[White "Schlötterer, Hermann"]
[Black "Walter, Thomas"]
[Result "0-1"]
[WhiteElo "1971"]
[BlackElo "2158"]
[PlyCount "136"]
[EventDate "2011.??.??"]
[WhiteTeam "SC Noris-Tarrasch Nürnberg 1873"]
[BlackTeam "SC Erlangen 48/88 e.V."]

1. d4 g6 2. g3 Bg7 3. Bg2 d6 4. e4 c5 5. Ne2 cxd4 6. Nxd4 Qb6 7. c3 Nc6 8. Nb3
Nh6 9. h3 Ne5 10. O-O f5 11. Be3 Qa6 12. Qc1 Nhf7 13. N1d2 O-O 14. Qc2 Bd7 15.
Nd4 fxe4 16. Qxe4 Qd3 17. f4 Qxe4 18. Bxe4 Nc6 19. Kh2 Nxd4 20. Bxd4 Bc6 21.
Bxg7 Kxg7 22. Rad1 d5 23. Bg2 e5 24. fxe5 Nxe5 25. Rxf8 Rxf8 26. Rf1 Nd3 27.
Rxf8 Kxf8 28. b3 Ke7 29. Bf1 Nc1 30. a3 Kd6 31. Kg1 Ke5 32. Kf2 d4 33. Nc4+ Ke6
34. cxd4 Nxb3 35. Ke3 Kd5 36. Bd3 Nxd4 37. Na5 Ke5 38. Nc4+ Kd5 39. Na5 Kc5 40.
Nc4 Bd7 41. g4 Be6 42. Nd2 Bd5 43. Nb1 b5 44. Nc3 a5 45. h4 Bc6 46. Na2 Ne6 47.
Bc2 Kc4 48. h5 gxh5 49. gxh5 h6 50. Kd2 Nf4 51. Nc1 Be8 52. Bb3+ Kd4 53. Bd1
Bf7 54. Ne2+ Nxe2 55. Bxe2 b4 56. axb4 axb4 57. Bd1 b3 58. Be2 Bc4 59. Bd1 b2
60. Bc2 Ba2 61. Bg6 b1=Q 62. Bxb1 Bxb1 63. Ke2 Ke4 64. Kf2 Kf4 65. Kg2 Kg4 66.
Kh2 Kxh5 67. Kh3 Kg5 68. Kh2 Kg4 0-1

[Event "Mittelfr. EM 2011 - Hauptturnier"]
[Site "Büchenbach"]
[Date "2011.04.19"]
[Round "1.11"]
[White "Saathoff, Richard"]
[Black "Pokorny, Klaus"]
[Result "1-0"]
[WhiteElo "2146"]
[BlackElo "1961"]
[PlyCount "59"]
[EventDate "2011.??.??"]
[WhiteTeam "SW Nürnberg Süd e.V."]
[BlackTeam "TSV Kirchehrenbach"]

1. e4 e6 2. d4 d5 3. Nc3 Nf6 4. Bg5 dxe4 5. Nxe4 Be7 6. Bxf6 Bxf6 7. Nf3 O-O 8.
Qd2 b6 9. O-O-O Bb7 10. Nxf6+ Qxf6 11. Ne5 Rd8 12. Qe3 Nd7 13. Bd3 Rac8 14. Kb1
Nf8 15. Ng4 Qe7 16. Qg3 c5 17. dxc5 Rxc5 18. Rhe1 a5 19. f4 Qc7 20. Ne5 b5 21.
h4 b4 22. h5 a4 23. h6 Ng6 24. hxg7 b3 25. axb3 axb3 26. cxb3 Ra8 27. b4 Bd5
28. bxc5 Nxe5 29. fxe5 Qxc5 30. Bc2 1-0

[Event "Mittelfr. EM 2011 - Hauptturnier"]
[Site "Büchenbach"]
[Date "2011.04.19"]
[Round "1.12"]
[White "Schanz, Karlheinz"]
[Black "Meulner, Klaus"]
[Result "1/2-1/2"]
[WhiteElo "1929"]
[BlackElo "2119"]
[PlyCount "139"]
[EventDate "2011.??.??"]
[WhiteTeam "SC Mühlhof-Reichelsdorf e.V."]
[BlackTeam "SW Nürnberg Süd e.V."]

1. e4 c5 2. Nc3 Nc6 3. g3 g6 4. Bg2 Bg7 5. Nge2 Rb8 6. O-O b5 7. d3 d6 8. Nd5
e6 9. Ne3 Nge7 10. c3 O-O 11. Qc2 a5 12. Rb1 Ba6 13. b3 b4 14. c4 Nd4 15. Nxd4
cxd4 16. Nd1 Qc7 17. Bf4 Nc6 18. Nb2 Ne5 19. Qd2 Rfc8 20. Qd1 Bb7 21. Rc1 Nd7
22. Qe2 Nc5 23. Bd2 Bc6 24. f4 Re8 25. Rfe1 f5 26. exf5 gxf5 27. Qf1 Qb7 28.
Bxc6 Qxc6 29. Qg2 Qxg2+ 30. Kxg2 e5 31. Re2 Re6 32. Rce1 Rbe8 33. Kf1 Kf7 34.
Rf2 e4 35. Rfe2 h5 36. Rg2 e3 37. Bc1 Rg6 38. Ke2 Bf6 39. h3 Ra8 40. Kf3 Rag8
41. Reg1 Rh8 42. Ke2 Ke6 43. Kf3 Rgg8 44. Re2 Rh7 45. Bd2 Rhg7 46. Be1 Rc8 47.
Rc2 Rgc7 48. Ke2 Rb7 49. Rg2 Ra8 50. Kf3 a4 51. bxa4 b3 52. axb3 Rxb3 53. Ke2
Rab8 54. Kf1 Bd8 55. Rge2 Ra3 56. a5 Ra1 57. Kg2 Rb3 58. Bf2 Bxa5 59. Bxe3 dxe3
60. Rxe3+ Kd7 61. Rce2 Rb1 62. Re7+ Kc6 63. d4 Ne4 64. Na4 d5 65. cxd5+ Kb5 66.
Nc5 Kc4 67. Nxe4 fxe4 68. R7xe4 Rd3 69. Re5 h4 70. R5e3 1/2-1/2

[Event "Mittelfr. EM 2011 - Hauptturnier"]
[Site "Büchenbach"]
[Date "2011.04.19"]
[Round "1.13"]
[White "Erlbeck, Peter"]
[Black "Leis, Stefan"]
[Result "0-1"]
[WhiteElo "2105"]
[BlackElo "1922"]
[PlyCount "219"]
[EventDate "2011.??.??"]
[WhiteTeam "SW Nürnberg Süd e.V."]
[BlackTeam "SC Mühlhof-Reichelsdorf e.V."]

1. e4 c5 2. Nc3 e6 3. f4 Nc6 4. Nf3 d5 5. Bb5 a6 6. Bxc6+ bxc6 7. d3 Nf6 8. O-O
Be7 9. Qe1 O-O 10. b3 a5 11. Ne5 Qc7 12. Na4 Ne8 13. Be3 f6 14. Nf3 Qa7 15. Qf2
d4 16. Bc1 Ba6 17. Nb2 Nc7 18. Bd2 Ne8 19. a4 Bd8 20. Qe1 Qc7 21. Nh4 Rb8 22.
f5 e5 23. Rf3 Kf7 24. Rh3 Ke7 25. Nf3 h6 26. Nh4 Kd7 27. Ng6 Rf7 28. Qh4 Kc8
29. Qh5 Qd7 30. Nd1 Rb7 31. Nf2 Qd6 32. Qd1 Kb8 33. Qe1 Qc7 34. Ng4 Kc8 35. Rc1
Nd6 36. Qg3 Ne8 37. Rf1 Qd6 38. Qe1 Qc7 39. Rff3 Nd6 40. Rfg3 Kb8 41. Rh4 Ka8
42. Rgh3 Rb8 43. Rh5 Ka7 44. Bxh6 gxh6 45. Nxh6 Rg7 46. Nf8 Bc8 47. Rg3 Rxg3
48. Qxg3 c4 49. Qg8 cxd3 50. cxd3 Nxe4 51. Ng4 Rb7 52. Rh7 Qd6 53. h4 Nc5 54.
Rxb7+ Nxb7 55. Ne6 e4 56. Nf2 exd3 57. Nxd3 Qd5 58. Qf7 Bxe6 59. Qxe6 Qxe6 60.
fxe6 Nd6 61. Kf2 Nf5 62. h5 Kb6 63. Kf3 Kc7 64. Kf4 Nh6 65. Ke4 Kd6 66. Kxd4
Bb6+ 67. Ke4 Kxe6 68. b4 Kd6 69. bxa5 Bxa5 70. Kd4 Bd2 71. Kc4 Nf7 72. Kd4 Ng5
73. Nf2 Bc1 74. a5 Kc7 75. Kc4 Kb7 76. Ng4 Nh7 77. Nf2 Bd2 78. Ne4 Bxa5 79. Kc5
Kc7 80. g4 Bb6+ 81. Kc4 Be3 82. Kd3 Bc1 83. Nc3 Bb2 84. Ne2 Be5 85. Ke4 Kd7 86.
Kf5 Ke7 87. Nc1 Kf7 88. Nd3 Bd6 89. Nb2 Bb4 90. Nc4 Ng5 91. h6 Nh7 92. Nb6 Bc5
93. Nc4 Bb4 94. Ne3 Bd2 95. Nc4 Bxh6 96. Nd6+ Ke7 97. Ne4 Bc1 98. Kg6 Nf8+ 99.
Kf5 Nd7 100. Nf2 c5 101. Nd3 Bd2 102. Ke4 Ke6 103. Nb2 Nb6 104. Kd3 Bc1 105.
Nd1 Kd5 106. Nf2 c4+ 107. Kc2 Bf4 108. Nd1 Na4 109. Nf2 Kd4 110. Nh3 0-1

[Event "Mittelfr. EM 2011 - Hauptturnier"]
[Site "Büchenbach"]
[Date "2011.04.19"]
[Round "1.14"]
[White "Bolten, Daniel"]
[Black "Vasilache, Catalin"]
[Result "1/2-1/2"]
[WhiteElo "1889"]
[BlackElo "2101"]
[PlyCount "89"]
[EventDate "2011.??.??"]
[WhiteTeam "SW Nürnberg Süd e.V."]
[BlackTeam "SG Büchenbach/Roth e.V."]

1. d4 Nf6 2. Nf3 e6 3. c4 d5 4. Nc3 Be7 5. Bf4 O-O 6. e3 a6 7. Qc2 dxc4 8. Bxc4
b5 9. Be2 Bb7 10. a3 Nbd7 11. b4 c6 12. O-O a5 13. Qb2 axb4 14. axb4 Qb6 15. e4
Rfd8 16. Be3 Ng4 17. Bf4 Rxa1 18. Rxa1 e5 19. Be3 Nxe3 20. fxe3 Ra8 21. Rxa8+
Bxa8 22. Nd1 exd4 23. exd4 Nf6 24. Nf2 Qa7 25. Bd1 Bb7 26. Ne5 Bd6 27. Ned3 Bc7
28. Bb3 Bc8 29. Nc5 Bb6 30. Qc3 Bxc5 31. bxc5 Be6 32. Bd1 Qa2 33. Qc2 Qa1 34.
d5 cxd5 35. c6 dxe4 36. c7 Qa8 37. Qc5 Qb7 38. Qe7 h6 39. Bb3 Bc8 40. Bxf7+ Kh7
41. Bb3 Qc6 42. Qe5 Qc1+ 43. Nd1 Qd2 44. h3 b4 45. Qc5 1/2-1/2

[Event "Mittelfr. EM 2011 - Hauptturnier"]
[Site "Büchenbach"]
[Date "2011.04.19"]
[Round "1.15"]
[White "Miller, Eduard"]
[Black "Alt, Norbert"]
[Result "1-0"]
[WhiteElo "2098"]
[BlackElo "1880"]
[PlyCount "51"]
[EventDate "2011.??.??"]
[WhiteTeam "SC Forchheim e.V."]
[BlackTeam "FC Pleinfeld VfL"]

1. d4 d5 2. c4 Nc6 3. Nc3 dxc4 4. Nf3 a6 5. e4 b5 6. a4 b4 7. Na2 Nf6 8. Bxc4
Nxe4 9. Qc2 Nf6 10. Bxf7+ Kxf7 11. Qxc6 Qd5 12. Nxb4 Qxc6 13. Nxc6 e6 14. Bd2
Bd6 15. Nfe5+ Bxe5 16. Nxe5+ Ke8 17. Rc1 Nd5 18. Ba5 Rb8 19. Bxc7 Rxb2 20. Bd6
Bd7 21. O-O h5 22. Rb1 Rc2 23. Rb8+ Rc8 24. Rxc8+ Bxc8 25. Rc1 Ne7 26. Rc7 1-0

[Event "Mittelfr. EM 2011 - Hauptturnier"]
[Site "Büchenbach"]
[Date "2011.04.19"]
[Round "1.16"]
[White "Keller, Werner"]
[Black "Hauernherm, Wolfgang"]
[Result "1/2-1/2"]
[WhiteElo "1693"]
[BlackElo "2092"]
[PlyCount "122"]
[EventDate "2011.??.??"]
[WhiteTeam "SW Nürnberg Süd e.V."]
[BlackTeam "SV Lauf a.d.P."]

1. Nf3 Nf6 2. g3 g6 3. Bg2 Bg7 4. O-O O-O 5. d3 d5 6. Nbd2 c5 7. Re1 Nc6 8. e4
e5 9. h3 h6 10. exd5 Nxd5 11. Nc4 Re8 12. Ne3 Be6 13. Nxd5 Bxd5 14. Be3 b6 15.
Qd2 Kh7 16. c3 Rc8 17. Kh2 Rc7 18. h4 Rd7 19. Qe2 f5 20. c4 Bf7 21. Ng5+ hxg5
22. Bxc6 gxh4 23. Bxd7 hxg3+ 24. fxg3 Qxd7 25. Bg5 e4 26. dxe4 Rxe4 27. Qg2
Rxc4 28. Re7 Qd3 29. Rae1 Rc2 30. R1e2 Rxe2 31. Rxe2 Bd5 32. Rd2 Bxg2 33. Rxd3
Be4 34. Rd7 Kg8 35. b3 a5 36. Rd6 b5 37. Rb6 Bd3 38. Ra6 c4 39. bxc4 bxc4 40.
Rxa5 Bb2 41. Rc5 Kf7 42. Rc6 c3 43. Bf6 Be4 44. Rb6 Ke8 45. a4 Kd7 46. a5 g5
47. Bxg5 Ba3 48. Rb3 Bb2 49. Bf6 Bd5 50. Rb6 Bc6 51. Kg1 Ba3 52. Rxc6 Kxc6 53.
Bxc3 Bd6 54. Kg2 Bc7 55. Kf3 Kb5 56. Bd2 Ka6 57. Kg2 Kb5 58. Kh3 Ka6 59. Kh4
Bd8+ 60. Kh5 Bc7 61. Be1 Bxg3 1/2-1/2

[Event "Mittelfr. EM 2011 - Hauptturnier"]
[Site "Büchenbach"]
[Date "2011.04.19"]
[Round "1.17"]
[White "Mättig, Stefan"]
[Black "Häßlein, Rainer"]
[Result "1-0"]
[WhiteElo "2088"]
[BlackElo "1552"]
[PlyCount "43"]
[EventDate "2011.??.??"]
[WhiteTeam "SC Noris-Tarrasch Nürnberg 1873"]
[BlackTeam "SAbt Wolframs-Eschenbach"]

1. e4 e5 2. Nf3 Nc6 3. Bb5 Nd4 4. Bc4 h6 5. Nxd4 exd4 6. O-O d6 7. c3 Qf6 8.
Qa4+ Bd7 9. Bb5 c6 10. Be2 dxc3 11. bxc3 Qd8 12. d4 a6 13. f4 c5 14. Qd1 cxd4
15. cxd4 Be7 16. Nc3 Bc6 17. Kh1 Nf6 18. d5 Bd7 19. e5 Qc7 20. exf6 Bxf6 21.
Bb2 Bxc3 22. Rc1 1-0

[Event "Mittelfr. EM 2011 - Hauptturnier"]
[Site "Büchenbach"]
[Date "2011.04.19"]
[Round "2.1"]
[White "Miller, Eduard"]
[Black "Hirn, Oskar"]
[Result "0-1"]
[WhiteElo "2098"]
[BlackElo "2243"]
[PlyCount "58"]
[EventDate "2011.??.??"]
[WhiteTeam "SC Forchheim e.V."]
[BlackTeam "SC Noris-Tarrasch Nürnberg 1873"]

1. d4 Nf6 2. c4 g6 3. Nc3 Bg7 4. Nf3 d6 5. h3 O-O 6. e4 e5 7. dxe5 dxe5 8. Be3
Nbd7 9. Bd3 c6 10. O-O Re8 11. Bc2 Qe7 12. Qe2 Nh5 13. a3 Nc5 14. b4 Ne6 15.
Rfd1 Nhf4 16. Qf1 Qf6 17. h4 h6 18. g3 Nh3+ 19. Qxh3 Nd4 20. Qg2 Nxc2 21. Nd2
Bg4 22. Rf1 Nxa1 23. Rxa1 Red8 24. f3 Rd3 25. Nd1 Rxd2 26. Qxd2 Qxf3 27. Qg2 a5
28. Rb1 axb4 29. axb4 Ra3 0-1

[Event "Mittelfr. EM 2011 - Hauptturnier"]
[Site "Büchenbach"]
[Date "2011.04.19"]
[Round "2.2"]
[White "Mättig, Stefan"]
[Black "Seibold, Hubert"]
[Result "0-1"]
[WhiteElo "2088"]
[BlackElo "2186"]
[PlyCount "80"]
[EventDate "2011.??.??"]
[WhiteTeam "SC Noris-Tarrasch Nürnberg 1873"]
[BlackTeam "SK Zirndorf e.V."]

1. e4 c5 2. Nc3 Nc6 3. g3 g6 4. d3 Bg7 5. Bg2 e6 6. Nge2 Nge7 7. O-O O-O 8. Bf4
d6 9. Qd2 Rb8 10. Bh6 b5 11. Bxg7 Kxg7 12. h4 e5 13. f4 b4 14. Nd1 f5 15. Ne3
Nd4 16. Nxd4 cxd4 17. Nd5 Nxd5 18. exd5 Re8 19. Kh1 Qb6 20. a3 a5 21. axb4 axb4
22. c3 Re7 23. Rfc1 dxc3 24. bxc3 b3 25. Rab1 Ba6 26. fxe5 Rxe5 27. c4 Qe3 28.
Qxe3 Rxe3 29. Rc3 b2 30. Bf1 Rxg3 31. Rc2 Rg4 32. Rcxb2 Rxh4+ 33. Kg2 Rf8 34.
Kg3 g5 35. Re1 f4+ 36. Kf2 Rh2+ 37. Bg2 f3 38. Re7+ Kg6 39. Re6+ Kh5 40. Rxd6
Rxg2+ 0-1

[Event "Mittelfr. EM 2011 - Hauptturnier"]
[Site "Büchenbach"]
[Date "2011.04.19"]
[Round "2.3"]
[White "Walter, Thomas"]
[Black "Wittmann, Helmut"]
[Result "1-0"]
[WhiteElo "2158"]
[BlackElo "2077"]
[PlyCount "89"]
[EventDate "2011.??.??"]
[WhiteTeam "SC Erlangen 48/88 e.V."]
[BlackTeam "BSG Wöhrlhaus Erlangen"]

1. e4 g6 2. d4 Bg7 3. Bc4 c5 4. dxc5 Qa5+ 5. c3 Qxc5 6. Qb3 e6 7. Be3 Qc7 8.
Na3 a6 9. Ne2 b5 10. Bxb5 Nf6 11. Bd3 Nc6 12. Bb6 Qb8 13. Bc5 Qe5 14. Be3 Rb8
15. Qc2 Ng4 16. Bf4 Qc5 17. O-O Be5 18. b4 Qe7 19. h3 Bxf4 20. Nxf4 Nge5 21.
Be2 O-O 22. Nd3 Nxd3 23. Qxd3 f5 24. exf5 Rxf5 25. Nc4 d5 26. Ne3 Rf4 27. g3
Rf8 28. f4 d4 29. cxd4 Nxb4 30. Qc3 Bd7 31. a3 Nd5 32. Nxd5 exd5 33. Bf3 Rfc8
34. Bxd5+ Kg7 35. Qf3 Bxh3 36. Rfe1 Qa7 37. Kh2 Qd7 38. Ra2 Bg4 39. Qg2 Rc3 40.
Qe4 Qf5 41. Qe7+ Kh6 42. Re5 Rc2+ 43. Rxc2 Qxc2+ 44. Bg2 Rg8 45. Qg5+ 1-0

[Event "Mittelfr. EM 2011 - Hauptturnier"]
[Site "Büchenbach"]
[Date "2011.04.19"]
[Round "2.4"]
[White "Leis, Stefan"]
[Black "Saathoff, Richard"]
[Result "1/2-1/2"]
[WhiteElo "1922"]
[BlackElo "2146"]
[PlyCount "55"]
[EventDate "2011.??.??"]
[WhiteTeam "SC Mühlhof-Reichelsdorf e.V."]
[BlackTeam "SW Nürnberg Süd e.V."]

1. d4 Nf6 2. Nf3 g6 3. g3 Bg7 4. Bg2 O-O 5. O-O d6 6. Nbd2 Nbd7 7. e4 c5 8. c3
Qc7 9. Qe2 e5 10. dxe5 dxe5 11. b3 b6 12. Bb2 Bb7 13. Ne1 Rfe8 14. Nc2 Rad8 15.
Rad1 Nf8 16. Ne3 h5 17. a4 Ne6 18. Nec4 h4 19. Rfe1 Ng5 20. h3 Bc8 21. Kh2 Nh5
22. Nf3 hxg3+ 23. fxg3 Ne6 24. Bc1 Bf6 25. Rxd8 Rxd8 26. Rd1 Ba6 27. Rxd8+ Qxd8
28. Qd2 1/2-1/2

[Event "Mittelfr. EM 2011 - Hauptturnier"]
[Site "Büchenbach"]
[Date "2011.04.19"]
[Round "2.5"]
[White "Röder, Gerd"]
[Black "Strobel, Norbert"]
[Result "1-0"]
[WhiteElo "2237"]
[BlackElo "2008"]
[PlyCount "117"]
[EventDate "2011.??.??"]
[WhiteTeam "SV Altensittenbach"]
[BlackTeam "SK Zirndorf e.V."]

1. e4 c6 2. Nc3 d5 3. Qf3 e6 4. d4 dxe4 5. Qxe4 Nf6 6. Qh4 b6 7. Nf3 Nbd7 8.
Bg5 Be7 9. O-O-O Bb7 10. Bd3 h6 11. Ne5 Nxe5 12. dxe5 Nd5 13. Bxe7 Qxe7 14.
Qxe7+ Kxe7 15. Nxd5+ cxd5 16. f4 g6 17. g4 h5 18. h3 a5 19. f5 hxg4 20. hxg4
gxf5 21. gxf5 exf5 22. Bxf5 Rag8 23. Rxh8 Rxh8 24. Rf1 Rh5 25. Kd2 Bc6 26. Ke3
Rh4 27. Rf4 Rh1 28. Bd3 Bd7 29. b3 Ra1 30. a4 Rh1 31. Kd4 Be6 32. Rf2 Rh4+ 33.
Kc3 Rh5 34. Re2 Rh4 35. Rg2 Bg4 36. Rf2 Be6 37. Rg2 Rh5 38. Kd4 Rh4+ 39. Ke3
Rh3+ 40. Kf4 Rh4+ 41. Kf3 Rh5 42. Kf4 Rh4+ 43. Ke3 Rh3+ 44. Kd4 Rh4+ 45. Kc3
Bg4 46. Ba6 Be6 47. Rg8 Rh3+ 48. Kb2 Rh2 49. Bb5 Bd7 50. Rb8 Bxb5 51. axb5 Re2
52. Rxb6 Rxe5 53. Ra6 f5 54. Rxa5 f4 55. b6 Kd7 56. Rc5 Rf5 57. b7 Rf8 58.
Rxd5+ Kc6 59. Rf5 1-0